| 000 | 00616nam a2200241Ia 4500 | ||
|---|---|---|---|
| 003 | OSt | ||
| 005 | 20140324140723.0 | ||
| 008 | 140130s9999 xx 000 0 und d | ||
| 020 | _a9780439162968 | ||
| 050 |
_aM 612 _bZ85 2000 |
||
| 100 | _aZoehfeld, Kathleen Weidner. | ||
| 245 |
_cKathleen Weidner Zoehfeld. _aHuman body / |
||
| 260 |
_bScholastic Inc., _cc2000. _aUSA : |
||
| 300 |
_a32 p. : _bcol. ill. ; _c23 cm. |
||
| 440 | _v1 | ||
| 521 | _aG10 | ||
| 526 | _c1040 | ||
| 650 |
_aHuman body _xJuvenile literature. |
||
| 650 | _aHuman body. | ||
| 942 |
_cBK _2lcc |
||
| 999 |
_c42060 _d42060 |
||